| 000 | 01064nam a2200313Ia 4500 | ||
|---|---|---|---|
| 003 | OSt | ||
| 005 | 20221007123940.0 | ||
| 006 | a|||||r|||| 00| 0 | ||
| 007 | ta | ||
| 008 | 221006b |||||||| |||| 00| 0 eng d | ||
| 020 | _a0849318637 (hbd) | ||
| 024 | _a82467 | ||
| 037 | _cTextbook | ||
| 040 |
_aCDL _cCDL _beng |
||
| 041 |
_2eng _aeng |
||
| 082 | _aL:47257:6, P5;1 Carc | ||
| 100 |
_aCragg Gordon M Ed. _9718174 |
||
| 245 | 0 |
_aAnticancer agents from natural products _b Kingston David G I Ed. Newman David J Ed. |
|
| 260 |
_aBoca _bRaton Taylor and Francis _c2005 |
||
| 300 |
_a577p. _ccm. |
||
| 500 | _aIncludes bibliographical references; Index 573-577p. | ||
| 650 |
_a Natural products _9711396 |
||
| 650 |
_a Pharmacognosy _9713083 |
||
| 650 |
_aAntineoplastic agents _9718032 |
||
| 700 |
_a Kingston David G I Ed. _9718033 |
||
| 700 |
_a Newman David J Ed. _9718034 |
||
| 942 |
_hL:47257:6, P5;1 Carc _cTB _2CC |
||
| 999 |
_c1212694 _d1212694 |
||